000 00782nac a22002297a 4500
001 BR6001097
003 BR-BrBNA
005 20240105112958.0
008 230509b bl.|||m| |||| 00| 0 por d
040 _aBR-BrBNA
_bpor
_cBiblioteca Nacional de Agricultura
072 _aF00; L00; E30
090 _aF00 BR6001097
110 1 _aSecretaria da Agricultura do Estado de Goias, Goiania (Brasil)
_98208
245 1 _aRelatorio anual 1968 [Secretaria da Agricultura do Estado de Goias, Brasil]
260 3 _aGoiania, GO (Brasil):
_c1969.
300 _a33 p.
490 _aRelatorio - Secretaria da Agricultura do Estado de Goias (Brazil)
_v
_x
650 _aDESENVOLVIMENTO AGRICOLA
650 _aGOIAS
909 _a202312
_bLúcia Elande
_c55
_dLúcia Elande
942 _2AGRIS
_n0
_cMS
999 _c261245
_d261245